Ismanaini

Bibliographic Details
Main Author: Mohd Amir Mohd Yusof
Other Authors: Nizam Bachok (Illustrator)
Format: Book
Published: Kuala Lumpur : Creative Enterprise , 1996
Series:Novel remaja creative
Subjects:

MARC

LEADER 00000cam a2200000 7i4500
001 0000007457
002 000008016
005 20000330.0
020 |a 9838932876 
090 0 0 |a F   |b MOH 
100 0 |a Mohd Amir Mohd Yusof 
245 1 0 |a Ismanaini   |c Mohd Amir Mohd Yusof 
260 |a Kuala Lumpur :   |b Creative Enterprise ,   |c 1996 
300 |a 140 p. ;   |c 17 cm. 
490 0 |a Novel remaja creative 
650 0 0 |a Love stories 
700 0 |a Nizam Bachok ,   |e ill 
999 |a 052183   |b BUKU   |c PINJAMAN   |e PERPUSTAKAAN KOMUNITI PETALING JAYA 
999 |a 052184   |b BUKU   |c PINJAMAN   |e PERPUSTAKAAN KOMUNITI PETALING JAYA 
999 |a 052185   |b BUKU   |c PINJAMAN   |e PERPUSTAKAAN KOMUNITI PETALING JAYA 
999 |a 055444   |b BUKU   |c PINJAMAN   |e PERPUSTAKAAN KOMUNITI CAW KOTA DAMANSARA